000 00288nam a22001337a 4500
008 181024b xxu||||| |||| 00| 0 eng d
020 _a9780073222745
041 _aeng
080 _a531
100 _a43
101 _aFIZ
245 _aCollege Physics
_cRichardson.G
942 _2udc
_cBK
999 _c50868
_d50868